00000000cam 2200000zi 4500
0019.960470
003CaOODSP
00520260410101441
006m     o  d f      
007cr cn|||||||||
008260302e20260331oncd    obs  f000 0 eng d
020 |a9780660987163
040 |aCaOODSP|beng|erda|cCaOODSP
043 |an-cn---
0861 |aCS85-002/46-4E-PDF
1001 |aCotter, Adam, |eauthor.
24500|aGender differences in experiences of violence and unwanted sexual behaviour in Canada, 2025 / |cby Adam Cotter and Marta Burczycka.
264 1|a[Ottawa] : |bStatistics Canada = Statistique Canada, |cMarch 31, 2026.
264 4|c©2026
300 |a1 online resource (61 pages) : |bcharts.
336 |atext|btxt|2rdacontent
337 |acomputer|bc|2rdamedia
338 |aonline resource|bcr|2rdacarrier
4901 |aJuristat, |x1209-6393 ; |v[Vol. 46, no. 4]
500 |aCover title.
500 |aIssued also in French under title: Différences entre les genres observées dans les expériences de violence et de comportements sexuels non désirés au Canada, 2025.
504 |aIncludes bibliographical references (pages 34-35).
520 |a"This analysis focuses on overall patterns of violence in the 12 months preceding the 2025 Survey of Safety in Public and Private Spaces (SSPPS), with particular attention to the relationship between gender and the type, nature, severity, and prevalence of violence. Results are based on responses received from more than 48,500 people 15 years of age and older living in Canada, weighted so as to be representative of the total population. This information can be used to better understand gender differences and focus resources on addressing particular forms of violence, particular populations at risk of violence, or particular concerns or needs that may disproportionately impact women or men who have been victims of violence"--Page 4.
650 0|aGender-based violence|zCanada|vStatistics.
650 0|aSex crimes|zCanada|vStatistics.
650 0|aSexual harassment|zCanada|vStatistics.
650 0|aVictims of violent crimes|zCanada|vStatistics.
650 0|aSexual abuse victims|zCanada|vStatistics.
655 7|aStatistics|2lcgft
7102 |aStatistics Canada, |eissuing body.
77508|tDifférences entre les genres observées dans les expériences de violence et de comportements sexuels non désirés au Canada, 2025 / |w(CaOODSP)9.960473
830#0|aJuristat,|x1209-6393 ; |v[Vol. 46, no. 4].|w(CaOODSP)9.936876
85640|qPDF|s971 KB|uhttps://publications.gc.ca/collections/collection_2026/statcan/85-002-x/CS85-002-46-4-eng.pdf
8564 |qHTML|sN/A|uhttps://www150.statcan.gc.ca/n1/pub/85-002-x/2026001/article/00004-eng.htm
986 |a85-002-x